00776 2200205 4500001002100000005001500021035002000036245010800056100002000164250000600184300003700190856000900227260005100236082000800287084001400295020002200309650001600331520020900347990001400556INLIS00000000000856820260422082444 a0010-04260001931 aThe Interpretation Financial Statements :bMemandu anda memahami laporan keuangan /cBenjamin Graham0 aBenyamin Graham a- a166 hlm :bllus ;c24 x 16 cme- aUmum aJakarta :bBentara aksara cahaya (BACA),c2017 a657 a657 BEN t a978-602-6486-34-9 4aIlmuTerapan aBenyamin Graham kerap di sebut sebagai pakar investasi paling berpengaruh pada abad keduapuluh .tak aneh jika dia menjadi guru bagi seorang warren buffet dan " investment guru" bagi para pelaku infestasi. aIT2024257